000 00933cab a2200253 4500
001 WB3218-38
008 090401t1996 xxu||||| |||| 00| 0 eng d
035 _a(Sirsi) u58683
041 _aeng
245 _aRestrictive covenant
260 _c1996
350 _a0
490 _aEstates Gazette Case Summaries
_v1996 EGCS 75(1) (4/5/96)
520 _a"Robins and another v Berkeley Homes (Kent) Ltd" ChD 25 April 1996. Estate sold off in sections with a restrictive covenant restricting one house to each plot. B sought to build second home on a plot. R sought to enforce covenant. Judgment for plaintiffs.
650 _aBENEFIT
650 _aBREACH OF COVENANT
650 _aENFORCEMENT
650 _aLAW OF PROPERTY ACT 1925 S78(1)
650 _aRESTRICTIVE COVENANTS
650 _aROBINS AND ANOTHER V BERKELEY HOMES(KENT) LTD
690 _aPROPERTY LAW AND PRACTICE-CASE LAW
942 _n0
948 _c04/03/1997
999 _c35877
_d35877